[Event "ESP-ch Rapid 2018"]
[Site "Linares"]
[Date "2018.08.19"]
[Round "7"]
[White "Anton Guijarro, David"]
[Black "Ibarra Jerez, Jose Carlos"]
[Result "1/2-1/2"]
[WhiteElo "2652"]
[BlackElo "2570"]
[Annotator "TA"]
[PlyCount "41"]
[EventDate "2018.08.19"]
[EventType "team-tourn"]
[EventCountry "ESP"]
[SourceTitle "playchess.com"]
[Source "ChessBase"]
[SourceQuality "1"]

{[%evp 18,41,34,12,44,35,76,12,12,4,19,0,0,-7,0,-20,-8,-10,24,0,20,8,15,-8,-6,-11]} 1. Nf3 Nf6 2. b3 g6 3. Bb2 Bg7 4. g3 O-O 5. Bg2 d6 6. O-O e5 7. c4 e4 8. Ne1 Re8 9. Nc3 Nc6 {A15: Englisch gegen Königs-Fianchetto} 10. Nc2 {LiveBook: 3 Partien} Be6 $146 ({Vorgänger:} 10... h5 11. d3 exd3 12. Qxd3 Bf5 13. Qd2 Ne4 14. Bxe4 Bxe4 15. Ne3 {½-½ (40) Aabling Thomsen,J (2344)-Amin,B (2654) Helsingor 2016}) 11. Rb1 Qd7 {Weiß steht etwas besser.} 12. Ne3 (12. Nxe4 $16 Nxe4 13. Bxe4) 12... Bh3 $11 13. Ncd5 Nxd5 14. Nxd5 Bxg2 15. Kxg2 Ne5 16. Nc3 f5 17. d4 Nf7 18. f3 exf3+ {Die Stellung ist ausgeglichen.} 19. exf3 c6 20. Qd2 d5 21. cxd5 1/2-1/2

[Event "ESP-ch Rapid 2018"]
[Site "Linares"]
[Date "2018.08.19"]
[Round "7"]
[White "Moreno Trujillo, Alejandro"]
[Black "Merario Alarcon, Andres"]
[Result "1-0"]
[WhiteElo "2497"]
[BlackElo "2406"]
[Annotator "TA"]
[PlyCount "155"]
[EventDate "2018.08.19"]
[EventType "team-tourn"]
[EventCountry "ESP"]
[SourceTitle "playchess.com"]
[Source "ChessBase"]
[SourceQuality "1"]

{[%evp 25,155,0,0,9,6,6,12,20,13,9,25,27,51,51,41,38,47,48,46,47,96,54,66,68,89,73,127,130,135,134,125,82,79,66,81,66,76,29,29,30,35,33,36,33,33,17,21,17,77,14,16,7,10,0,20,0,28,18,25,17,48,20,48,25,31,21,19,19,19,16,327,238,202,135,168,123,123,124,130,115,204,195,189,158,200,186,214,205,186,151,153,0,124,124,137,158,158,158,155,160,260,120,129,92,119,119,418,8,114,106,179,172,172,161,329,282,6621,6614,29967,29967,5310,0,29978,29979,29979,29980,29979,29980,29981,29982,29982,29983]} 1. d4 d5 2. c4 e6 3. Nc3 c6 4. e3 Nf6 5. Nf3 Nbd7 6. Qc2 Bd6 7. Be2 O-O 8. O-O Re8 9. Rd1 Qe7 10. b3 b6 11. Bb2 Bb7 12. Rac1 {D45: Semi-Slav: 5 e3} Rad8 13. h3 (13. a3 c5 14. cxd5 exd5 15. Qf5 a6 16. dxc5 bxc5 17. Bf1 Ne5 18. Nxe5 Bxe5 19. Na4 Bxb2 20. Nxb2 {0-1 (33) Mareco,S (2635)-Artemiev,V (2653) Doha 2016}) 13... h6 {LiveBook: 4 Games} 14. Bd3 {The position is equal.} e5 $146 {Threatens to win with ...e4.} (14... Bb8 {looks sharper.} 15. Bf1 Rc8 16. g3 c5 17. cxd5 exd5 18. dxc5 Nxc5 19. Qd2 Qd7) ({Predecessor:} 14... dxc4 15. Bxc4 c5 16. Qe2 Rc8 17. Ba6 Bxa6 18. Qxa6 Nb8 19. Qa4 a6 20. dxc5 Bxc5 {½-½ (34) Matveeva,S (2482)-Skripchenko,A (2453) Krasnoturinsk 2004}) 15. cxd5 cxd5 {Hoping for ...e4.} 16. dxe5 Nxe5 17. Be2 Nxf3+ 18. Bxf3 Be5 19. Nb5 {[%cal Bc3b5,Bb5d4,Bd4f5][%mdl 32]} Rc8 20. Qb1 Bxb2 21. Qxb2 a6 22. Nd4 Rc5 23. b4 Rxc1 $1 24. Rxc1 Qd7 25. a3 Ne4 ({Better is} 25... Rc8) 26. Bg4 $1 $16 {[%cal Rg4d7]} Qd8 27. Nf5 {[%csl Gf5][%cal Rb2g7]} Nf6 28. Bf3 Bc8 29. Nd4 Bd7 30. Qe2 Qa8 31. Rc7 Rc8 32. Qc2 Qb8 33. Rxc8+ Qxc8 34. Qxc8+ Bxc8 $14 {[%mdl 4096] Endgame KBN-KBN} 35. Kf1 Kf8 36. Ke2 Bd7 (36... Ne4 $11 {keeps the balance.}) 37. Kd2 (37. Kd3 $16) 37... Ke7 $11 38. Kc3 Kd6 39. Ne2 Ne8 40. Nd4 Nc7 41. h4 g5 42. g3 f6 43. Be2 a5 44. bxa5 bxa5 45. Nb3 a4 46. Nd4 Kc5 47. Bd3 Nb5+ $2 {[%mdl 8192]} (47... Ne8 $11 {and Black has nothing to worry.}) 48. Bxb5 $18 Bxb5 {KB-KN} 49. Nf5 gxh4 50. Nxh4 Bd7 51. Ng6 Be6 52. Nf4 Bf7 (52... Bg4 $16 53. Nd3+ Kc6) 53. Nd3+ $1 Kd6 54. Kd4 Bg6 55. Nf4 Be4 56. Ne2 $1 Bc2 57. Nc3 Bb3 58. Ne2 $2 ({White should try} 58. g4 $1 $16) 58... Bc4 (58... Bc2 $11) 59. Nf4 $1 $16 Bb3 60. Nh5 $1 Ke6 61. Ng7+ $1 Kf7 62. Nf5 h5 (62... Kg6 $16 63. Ne7+ Kh5) 63. Nh4 (63. Kc3 $18 {is the precise move to win.}) 63... Ke6 64. Ng2 Kf5 65. f3 $1 Bd1 $2 {[%mdl 8192]} (65... Kg5 $16) 66. Ne1 $2 (66. e4+ $18 Kg5 67. exd5 Bxf3 68. Ne3) 66... Ke6 (66... Bxf3 $1 $11 67. Nxf3 Kg4) 67. Kc3 Ke5 {[#]} (67... Kf5 $16 {was called for.}) 68. Kd2 $1 $18 Bb3 69. Nd3+ Kf5 $2 {[#]} (69... Kd6 70. Nf4 Ke5 71. Nxh5 f5) 70. Nc5 $1 {[%cal Rc5b3]} Ke5 $2 (70... Bc4 71. Nxa4 Ke6) 71. Nxb3 axb3 {KP-KP} 72. Kc3 f5 73. a4 $2 (73. Kxb3 $18 Kd6 74. Kc3) 73... d4+ $2 {[%mdl 8192]} (73... h4 $11 74. gxh4 f4 75. exf4+ (75. Kxb3 $2 fxe3 76. Kc2 Kf4 $19) 75... Kxf4) 74. exd4+ {White mates.} Kd5 75. f4 b2 76. Kxb2 Kxd4 77. a5 Kc5 78. Kc3 {Precision: White = 52%, Black = 40%.} 1-0

[Event "ESP-ch Rapid 2018"]
[Site "Linares"]
[Date "2018.08.19"]
[Round "7"]
[White "Huerga Leache, Mikel"]
[Black "Carretero Ortiz, Francisco"]
[Result "1-0"]
[WhiteElo "2451"]
[BlackElo "2241"]
[Annotator "TA"]
[PlyCount "65"]
[EventDate "2018.08.19"]
[EventType "team-tourn"]
[EventCountry "ESP"]
[SourceTitle "playchess.com"]
[Source "ChessBase"]
[SourceQuality "1"]

{[%evp 23,65,0,18,18,40,12,55,57,82,79,71,75,72,60,182,181,227,227,227,227,219,229,226,199,203,115,194,129,340,342,396,399,390,389,1022,995,964,975,914,870,706,641,637,627]} 1. Nf3 Nc6 2. d4 d5 3. c4 e5 4. Nxe5 Nxe5 5. dxe5 d4 6. g3 Ne7 7. Bg2 Nc6 8. O-O Nxe5 9. Nd2 Be7 10. Nf3 {D09: Albins Gegengambit} Nxf3+ 11. Bxf3 O-O 12. Qd3 c5 {LiveBook: 3 Partien} 13. Rd1 Qb6 14. Qb3 $146 (14. e3 {feels hotter.} Rd8 15. Qb3 Bf5 16. Bxb7 Rab8 17. Qxb6 axb6 18. Bf3) ({Vorgänger:} 14. Be4 h6 15. Qf3 a5 16. Qb3 Ra6 17. Bd2 a4 {0-1 (58) Bonade,M (2097)-Bontempi,P (2359) Crema 2009}) 14... Be6 (14... Bf6 {looks sharper.} 15. e3 Be6 16. Bxb7 Rad8 17. exd4 Bxd4 18. Bd5 Bxd5 19. cxd5 Qg6) 15. Bxb7 Bxc4 16. Qxb6 axb6 17. Bxa8 Rxa8 18. Kf1 Rxa2 (18... Bf6 $14) 19. Bf4 $18 g5 {[#] Und weiter mit ...Txa1 wäre nett.} 20. Rxa2 Bxa2 {[%mdl 4096] Endspiel KTL-KL} 21. Bc7 b5 22. Ra1 Bc4 23. Ra7 Bf6 {[#]} 24. Ra3 ({Günstiger ist} 24. Bd8 $1 $18 {[%mdl 512]} Bxd8 25. Ra8) 24... Kg7 (24... b4 $16 25. Ra8+ Kg7) 25. Bd6 (25. Ke1 $18) 25... d3 $2 (25... b4 $16 26. Rf3 b3) 26. exd3 {[%cal Be2d3,Bd3c4][%mdl 32]} b4 27. dxc4 bxa3 28. bxa3 {[%cal Bb2a3,Ba3a4,Ba4a5][%mdl 32] KL-KL} Bc3 $2 (28... Bd8 29. Bxc5 Kf6) 29. Bxc5 {Weiß steht klar auf Gewinn.} Kf6 30. Bb6 Ke5 31. a4 Kd6 32. a5 Kc6 33. Ke2 {Precision: Weiß = 66%, Schwarz = 20%.} 1-0

[Event "ESP-ch Rapid 2018"]
[Site "Linares"]
[Date "2018.08.19"]
[Round "7"]
[White "Cruz Lledo, Pablo"]
[Black "Santos Ruiz, Miguel"]
[Result "1-0"]
[WhiteElo "2432"]
[BlackElo "2517"]
[Annotator "TA"]
[PlyCount "109"]
[EventDate "2018.08.19"]
[EventType "team-tourn"]
[EventCountry "ESP"]
[SourceTitle "playchess.com"]
[Source "ChessBase"]
[SourceQuality "1"]

{[%evp 17,109,-5,-10,-8,-15,-17,-12,-63,-58,-63,-64,-80,-75,-74,-70,-73,-27,-33,-23,-19,-2,-4,-4,-4,-8,-3,0,-8,-14,-14,-18,-23,-23,-23,-29,-33,-31,-39,-33,-48,-48,-48,-48,-56,-48,-54,-32,-40,-35,-35,-11,-70,-69,-164,-174,-176,-172,-222,-222,-287,-135,-130,14,19,38,50,65,71,120,24,25,16,19,0,197,95,253,253,252,250,249,210,221,222,585,584,769,700,953,819,781,777,1864,1921]} 1. d4 Nf6 2. Nf3 d5 3. e3 e6 4. Bd3 Bd6 5. O-O O-O 6. b3 c5 7. Bb2 Nc6 {[%cal Bb8c6,Bc6b4,Bb4d3][%mdl 32]} 8. Ne5 cxd4 {D05: Colle System with ...e6} (8... Qc7 9. f4 Ne7 10. Nd2 b6 11. Rf3 Bb7 12. Rh3 Ne4 13. dxc5 bxc5 14. Bxe4 dxe4 15. Qh5 h6 16. Ng4 Nf5 17. Nxh6+ gxh6 18. Qg5+ {1-0 (18) Starostits,I (2413)-Vuelban,V (2298) Litomysl 2016}) 9. exd4 Qc7 {[%cal Rc6e5] LiveBook: 5 Games} 10. Qe2 Nb4 {The position is equal.} 11. Rc1 $146 ({Predecessor:} 11. Nd2 Nxd3 12. Qxd3 b6 13. Rac1 Bb7 14. f4 Ne4 15. Nxe4 dxe4 16. Qe3 {½-½ (62) Strand,O (1890)-Lanzani,M (2311) Halkidiki 2016}) 11... Nxd3 12. cxd3 (12. Qxd3 $11 Nd7 13. Nf3) 12... Qe7 $15 13. Nc3 Bd7 14. a4 Rfc8 15. Nxd7 Qxd7 16. Nb5 a6 17. Nxd6 Qxd6 18. Qd2 Qd7 (18... Ng4 {with more complications.} 19. g3 Nh6 20. Qa5 Nf5 21. Rc5 Ne7) 19. Qb4 Rxc1+ 20. Rxc1 Rc8 21. Rc5 h6 22. h3 Ne8 23. Ba3 Kh7 24. Qc3 Nd6 25. Rxc8 Nxc8 26. Qc5 b6 27. Qb4 Qc7 28. Qd2 Na7 29. g3 Nc6 30. Qc3 Qb7 31. Bc1 b5 32. Bd2 bxa4 33. bxa4 Qb6 34. Be3 (34. Kg2 $11) 34... Qb1+ 35. Kh2 (35. Kg2 $15 Nb4 36. Qc7) 35... Nb4 $19 36. Qc7 Kg6 37. Qb7 Qe1 38. Kg2 a5 ({Weaker is} 38... Nxd3 39. Qxa6 Qc3 40. h4 $15) (38... Nc2 $1 $19 39. Qxa6 Nxe3+ 40. fxe3 Qe2+ 41. Kg1 Qxe3+ 42. Kg2 Qe2+ 43. Kg1 Qf3) 39. Qc7 $17 Na2 ({Better is} 39... Qe2 $17 40. Qf4 Nxd3 41. Qg4+ Qxg4 42. hxg4 Nb2) 40. h4 $11 h5 41. Qd8 {Strongly threatening Qg5+.} Qe2 {With the idea ...Nb4.} 42. Qxa5 {Threatens to win with Qd2.} Qxd3 43. Qd2 (43. Qb6 $16) 43... Qc4 $1 44. a5 $36 {[%mdl 2048] Black is under pressure.} Nb4 $1 45. Qc1 Qa2 $2 {[#]} (45... Nc2 $11) 46. Qc3 (46. Bd2 $1 $18 {[%cal Rd2b4] is more deadly.} Na6 47. Qd1) 46... Qa4 $2 (46... Qc4 $16 47. Bd2 Qxc3 48. Bxc3 Na6) 47. Bd2 $18 Nc6 48. Qd3+ f5 49. Qe3 Kf7 {[#]} 50. Qf4 $1 Kg8 $2 (50... Qb5 51. Qc7+ Kg6) 51. Qd6 {White is clearly winning.} Nxd4 52. Bc3 {Qe5 is the strong threat.} Nb5 53. Qxe6+ Kf8 54. Qxf5+ Ke8 55. Qxh5+ {Precision: White = 49%, Black = 49%.} 1-0

[Event "ESP-ch Rapid 2018"]
[Site "Linares"]
[Date "2018.08.19"]
[Round "7"]
[White "Llobell Cortell, Enrique"]
[Black "Domingo Nunez, Ruben"]
[Result "1/2-1/2"]
[WhiteElo "2411"]
[BlackElo "2318"]
[Annotator "TA"]
[PlyCount "78"]
[EventDate "2018.08.19"]
[EventType "team-tourn"]
[EventCountry "ESP"]
[SourceTitle "playchess.com"]
[Source "ChessBase"]
[SourceQuality "1"]

{[%evp 22,78,30,0,0,0,172,108,99,91,112,107,122,106,129,119,121,111,131,108,126,122,129,121,127,47,143,53,80,18,20,24,28,-25,0,0,0,0,0,0,0,-90,0,0,0,0,0,0,0,0,0,0,0,0,0,0,0,0,0]} 1. e4 c5 2. Nc3 e6 3. Nf3 Nc6 4. d4 cxd4 5. Nxd4 Qc7 6. g3 a6 7. Bg2 h5 8. h3 {B47: Sicilian: Taimanov: 5 Nc3 Qc7 6 f4, 6 g3 and 6 Be2} (8. Bg5 h4 9. gxh4 Nge7 10. Nxc6 bxc6 11. Qd3 Ng6 12. O-O-O f6 13. Bd2 Kf7 14. Rhg1 Rxh4 15. Bf1 Qxh2 {0-1 (34) Kraemer,M (2575)-Jakovenko,D (2710) Germany 2018}) 8... h4 9. g4 Bc5 10. Nb3 Ba7 11. f4 Nge7 12. Qe2 {LiveBook: 3 Games} b5 13. e5 f5 $2 {[#]} (13... Bb7 $11 {and Black has nothing to worry.}) 14. Be3 (14. exf6 $1 $18 gxf6 15. Be3) 14... Bxe3 15. Qxe3 Nb4 16. O-O-O $146 Bb7 17. Bxb7 Qxb7 18. Qd4 Nbd5 19. Nxd5 Qxd5 20. gxf5 Nxf5 21. Qxd5 exd5 22. Rxd5 Rc8 23. Rd2 (23. Nd4 $16 Rf8 24. e6 dxe6 25. Nxe6) 23... O-O (23... Rc4 $14) 24. Rhd1 (24. Rxd7 $16 {And now Re1 would win.} Ng3 25. Re1) 24... Rc4 25. Nd4 ({Better is} 25. Rf2 $16) 25... Ne3 26. Re1 Rxf4 27. Rxe3 (27. c3 $142 Nf1 28. Rdd1) 27... Rf1+ (27... Rcxd4 {feels hotter.} 28. Rxd4 Rxd4 29. Ra3 Rf4 30. Kd2 Rf2+) 28. Rd1 Rxd1+ 29. Kxd1 {Re4 is the strong threat.} Rxd4+ $11 {[%mdl 4096] Endgame KR-KR} 30. Ke2 $1 Kf7 31. c3 {[#]} (31. Kf3 $11) 31... Rf4 (31... Rd5 $1 $17 32. Re4 g5) 32. Rd3 {The position is equal.} Ke7 33. Rd6 a5 34. Rg6 Kf7 35. Rd6 Ke7 36. Rg6 Kf7 37. Rd6 Ke7 38. Rg6 Kf7 39. Rd6 Ke7 {Precision: White = 36%, Black = 68%.} 1/2-1/2

[Event "ESP-ch Rapid 2018"]
[Site "Linares"]
[Date "2018.08.19"]
[Round "7"]
[White "Fernandez Garcia, Jose Miguel"]
[Black "Centron Antuna, Daniel"]
[Result "0-1"]
[WhiteElo "2404"]
[BlackElo "2231"]
[Annotator "NA"]
[PlyCount "87"]
[EventDate "2018.08.19"]
[EventType "team-tourn"]
[EventCountry "ESP"]
[SourceTitle "playchess.com"]
[Source "ChessBase"]
[SourceQuality "1"]
[TimeControl "900+5"]

1. e4 {[%emt 0:00:00]} c5 {[%emt 0:00:00]} 2. Ne2 {[%emt 0:00:03]} Nc6 {[%emt 0:00:02]} 3. d4 {[%emt 0:00:04]} cxd4 {[%emt 0:00:02]} 4. Nxd4 {[%emt 0:00:01]} e5 {[%emt 0:00:01]} 5. Nb5 {[%emt 0:00:06]} a6 {[%emt 0:00:02]} 6. Nd6+ {[%emt 0:00:02]} Bxd6 {[%emt 0:00:02]} 7. Qxd6 {[%emt 0:00:01]} Qf6 {[%emt 0:00:01]} 8. Qd1 {[%emt 0:00:02]} Qg6 {[%emt 0:00:02]} 9. Nc3 {[%emt 0:00:02]} d5 {[%emt 0:00:42]} 10. Nxd5 {[%emt 0:00:31]} Qxe4+ {[%emt 0:00:03]} 11. Be3 {[%emt 0:01:09]} Nd4 {[%emt 0:01:15]} 12. Nc7+ {[%emt 0:00:15]} Ke7 {[%emt 0:00:02]} 13. Rc1 {[%emt 0:02:09]} Bg4 {[%emt 0:01:28]} 14. Qd3 {[%emt 0:00:57]} Qxd3 {[%emt 0:00:02]} 15. Bxd3 {[%emt 0:00:16]} Rd8 {[%emt 0:00:10]} 16. c4 {[%emt 0:09:06]} Nf6 {[%emt 0:01:01]} 17. Bg5 {[%emt 0:01:17]} Nf3+ {[%emt 0:01:34]} 18. gxf3 {[%emt 0:00:01]} Bxf3 {[%emt 0:00:02]} 19. Kd2 {[%emt 0:00:01]} Bxh1 {[%emt 0:00:11]} 20. Rxh1 {[%emt 0:00:09]} e4 {[%emt 0:00:36]} 21. Nd5+ {[%emt 0:00:21]} Rxd5 {[%emt 0:00:02]} 22. cxd5 {[%emt 0:00:01]} exd3 {[%emt 0:00:02]} 23. Kxd3 {[%emt 0:00:08]} Kd6 {[%emt 0:00:26]} 24. Bxf6 {[%emt 0:00:12]} gxf6 {[%emt 0:00:02]} 25. Rg1 {[%emt 0:00:04]} Kxd5 {[%emt 0:00:13]} 26. Rg7 {[%emt 0:00:02]} Ke6 {[%emt 0:00:02]} 27. Rg4 {[%emt 0:00:09]} Rd8+ {[%emt 0:00:06]} 28. Ke2 {[%emt 0:00:01]} Rc8 {[%emt 0:00:02]} 29. Kd2 {[%emt 0:00:02]} Rc5 {[%emt 0:00:06]} 30. Rh4 {[%emt 0:00:05]} h5 {[%emt 0:00:02]} 31. Rb4 {[%emt 0:00:12]} b5 {[%emt 0:00:04]} 32. Rh4 {[%emt 0:00:02]} a5 {[%emt 0:00:07]} 33. a3 {[%emt 0:00:05]} Rf5 {[%emt 0:00:05]} 34. Ke3 {[%emt 0:00:08]} Kd6 {[%emt 0:00:08]} 35. Rd4+ {[%emt 0:00:05]} Kc6 {[%emt 0:00:14]} 36. Rh4 {[%emt 0:00:03]} Kc5 {[%emt 0:00:05]} 37. b4+ {[%emt 0:00:03]} axb4 {[%emt 0:00:04]} 38. axb4+ Kd6 {[%emt 0:00:05]} 39. Rd4+ {[%emt 0:00:06]} Ke6 {[%emt 0:00:02]} 40. Rh4 {[%emt 0:00:02]} Rg5 {[%emt 0:00:11]} 41. f3 {[%emt 0:00:12]} Ke7 {[%emt 0:00:21]} 42. Kd3 {[%emt 0:00:09]} Re5 {[%emt 0:00:35]} 43. Rd4 {[%emt 0:00:05]} Kf8 {[%emt 0:00:37]} 44. Rd5 {[%emt 0:00:11]} 0-1

[Event "ESP-ch Rapid 2018"]
[Site "Linares"]
[Date "2018.08.19"]
[Round "7"]
[White "Camacho Collados, Marcos"]
[Black "Jimenez Martinez, Jose Vicente"]
[Result "0-1"]
[WhiteElo "2393"]
[BlackElo "2243"]
[Annotator "NA"]
[PlyCount "75"]
[EventDate "2018.08.19"]
[EventType "team-tourn"]
[EventCountry "ESP"]
[SourceTitle "playchess.com"]
[Source "ChessBase"]
[SourceQuality "1"]
[TimeControl "900+5"]

1. d4 {[%emt 0:00:00]} g6 {[%emt 0:00:00]} 2. e4 {[%emt 0:00:02]} d6 {[%emt 0:00:00]} 3. Nf3 {[%emt 0:00:08]} Bg7 {[%emt 0:00:00]} 4. Nc3 {[%emt 0:00:09]} Nf6 {[%emt 0:00:01]} 5. h3 {[%emt 0:00:02]} O-O {[%emt 0:00:07]} 6. Be3 {[%emt 0:00:01]} b6 {[%emt 0:00:33]} 7. Bd3 {[%emt 0:00:23]} Ba6 {[%emt 0:00:07]} 8. Bxa6 {[%emt 0:00:44]} Nxa6 {[%emt 0:00:01]} 9. Qe2 {[%emt 0:00:11]} Qc8 {[%emt 0:00:25]} 10. O-O-O {[%emt 0:00:51]} c5 {[%emt 0:00:12]} 11. e5 {[%emt 0:00:25]} Nd7 {[%emt 0:02:35]} 12. Nd5 {[%emt 0:00:40]} Re8 {[%emt 0:00:10]} 13. Bg5 {[%emt 0:02:24]} f6 {[%emt 0:01:22]} 14. Bh4 {[%emt 0:00:14]} cxd4 {[%emt 0:01:34]} 15. exd6 {[%emt 0:00:52]} exd6 {[%emt 0:01:02]} 16. Ne7+ {[%emt 0:00:46]} Kf8 {[%emt 0:00:02]} 17. Rhe1 {[%emt 0:01:27]} Qd8 {[%emt 0:00:49]} 18. Qxa6 {[%emt 0:01:37]} Rxe7 {[%emt 0:00:02]} 19. Nxd4 {[%emt 0:00:09]} Nc5 {[%emt 0:00:06]} 20. Qb5 {[%emt 0:00:38]} a6 {[%emt 0:01:28]} 21. Qc6 {[%emt 0:00:38]} Rc8 {[%emt 0:00:38]} 22. Rxe7 {[%emt 0:01:07]} Kxe7 {[%emt 0:00:43]} 23. Qd5 {[%emt 0:00:35]} Qc7 {[%emt 0:01:03]} 24. b4 {[%emt 0:00:21]} Nd7 {[%emt 0:00:09]} 25. f4 {[%emt 0:00:45]} Qc4 {[%emt 0:01:34]} 26. Re1+ {[%emt 0:00:01]} Ne5 {[%emt 0:00:01]} 27. Qxc4 {[%emt 0:00:21]} Rxc4 {[%emt 0:00:01]} 28. fxe5 {[%emt 0:00:28]} Bh6+ {[%emt 0:00:07]} 29. Kb2 {[%emt 0:00:09]} Rxd4 {[%emt 0:02:03]} 30. Bxf6+ {[%emt 0:00:03]} Ke6 {[%emt 0:00:10]} 31. Re2 {[%emt 0:00:54]} Rxb4+ {[%emt 0:00:03]} 32. Kc3 {[%emt 0:00:01]} Rb5 {[%emt 0:00:03]} 33. Bh8 {[%emt 0:00:20]} dxe5 {[%emt 0:00:02]} 34. Rf2 {[%emt 0:00:03]} Bf4 {[%emt 0:00:04]} 35. g3 {[%emt 0:00:12]} Bxg3 {[%emt 0:00:08]} 36. Rf6+ {[%emt 0:00:02]} Kd5 {[%emt 0:00:02]} 37. Rf7 {[%emt 0:00:07]} h6 {[%emt 0:00:13]} 38. Rf8 0-1

[Event "ESP-ch Rapid 2018"]
[Site "Linares"]
[Date "2018.08.19"]
[Round "7"]
[White "Suarez Uriel, Adrian"]
[Black "Redondo Flores, David"]
[Result "1-0"]
[WhiteElo "2391"]
[BlackElo "1971"]
[Annotator "NA"]
[PlyCount "77"]
[EventDate "2018.08.19"]
[EventType "team-tourn"]
[EventCountry "ESP"]
[SourceTitle "playchess.com"]
[Source "ChessBase"]
[SourceQuality "1"]
[TimeControl "900+5"]

1. e4 {[%emt 0:00:00]} c5 {[%emt 0:00:00]} 2. Nf3 {[%emt 0:00:00]} d6 {[%emt 0:00:00]} 3. d4 {[%emt 0:00:00]} cxd4 {[%emt 0:00:00]} 4. Nxd4 {[%emt 0:00:01]} Nf6 {[%emt 0:00:01]} 5. Nc3 {[%emt 0:00:02]} a6 {[%emt 0:00:01]} 6. h3 {[%emt 0:00:03]} e5 {[%emt 0:00:12]} 7. Nb3 {[%emt 0:00:01]} b5 {[%emt 0:00:02]} 8. f4 {[%emt 0:00:10]} Bb7 {[%emt 0:03:10]} 9. fxe5 {[%emt 0:00:10]} Nxe4 {[%emt 0:00:13]} 10. Nxe4 {[%emt 0:00:11]} Bxe4 {[%emt 0:00:10]} 11. Be3 {[%emt 0:00:57]} Be7 {[%emt 0:01:40]} 12. exd6 {[%emt 0:00:26]} Bh4+ {[%emt 0:00:12]} 13. Bf2 {[%emt 0:00:02]} Bxf2+ {[%emt 0:00:06]} 14. Kxf2 {[%emt 0:00:02]} O-O {[%emt 0:00:50]} 15. Bd3 {[%emt 0:00:17]} Qb6+ {[%emt 0:00:58]} 16. Kf1 {[%emt 0:00:01]} Bg6 {[%emt 0:00:15]} 17. Qf3 {[%emt 0:00:28]} Nd7 {[%emt 0:00:11]} 18. Qd5 {[%emt 0:00:19]} Rac8 {[%emt 0:00:42]} 19. Qd4 {[%emt 0:01:38]} Bxd3+ {[%emt 0:00:10]} 20. cxd3 {[%emt 0:00:02]} Rc2 {[%emt 0:01:04]} 21. Qxb6 {[%emt 0:01:32]} Nxb6 {[%emt 0:00:01]} 22. Re1 {[%emt 0:01:49]} Rd8 {[%emt 0:01:03]} 23. Re2 {[%emt 0:00:13]} Rc6 {[%emt 0:00:22]} 24. Kf2 {[%emt 0:00:28]} Rcxd6 {[%emt 0:00:03]} 25. Rd1 {[%emt 0:00:11]} g6 {[%emt 0:00:45]} 26. Nc5 {[%emt 0:00:01]} Nd5 {[%emt 0:00:17]} 27. Kg3 {[%emt 0:00:19]} Nb4 {[%emt 0:00:16]} 28. a3 {[%emt 0:00:12]} Nc6 {[%emt 0:00:24]} 29. Kh2 {[%emt 0:01:44]} Nd4 {[%emt 0:00:06]} 30. Re7 {[%emt 0:00:05]} Rc6 {[%emt 0:00:43]} 31. b4 {[%emt 0:00:08]} a5 {[%emt 0:00:33]} 32. Rf1 {[%emt 0:00:04]} f5 {[%emt 0:00:09]} 33. Rb7 {[%emt 0:00:10]} Re8 {[%emt 0:00:33]} 34. Rf4 {[%emt 0:00:27]} Nc2 {[%emt 0:00:14]} 35. Rxb5 {[%emt 0:00:07]} axb4 {[%emt 0:00:06]} 36. axb4 {[%emt 0:00:01]} Kg7 {[%emt 0:00:38]} 37. Rb7+ {[%emt 0:00:03]} Kf6 {[%emt 0:00:43]} 38. Rc4 {[%emt 0:00:01]} Rd6 {[%emt 0:00:25]} 39. Rxc2 {[%emt 0:00:04]} 1-0

[Event "ESP-ch Rapid 2018"]
[Site "Linares"]
[Date "2018.08.19"]
[Round "7"]
[White "Vega Gutierrez, Sabrina"]
[Black "Cuevas Fernandez, Jose Alberto"]
[Result "1-0"]
[WhiteElo "2390"]
[BlackElo "2147"]
[Annotator "NA"]
[PlyCount "49"]
[EventDate "2018.08.19"]
[EventType "team-tourn"]
[EventCountry "ESP"]
[SourceTitle "playchess.com"]
[Source "ChessBase"]
[SourceQuality "1"]
[TimeControl "900+5"]

1. e4 {[%emt 0:00:00]} c5 {[%emt 0:00:00]} 2. Nf3 {[%emt 0:00:10]} e6 {[%emt 0:00:00]} 3. d4 {[%emt 0:00:01]} cxd4 {[%emt 0:00:00]} 4. Nxd4 {[%emt 0:00:03]} a6 {[%emt 0:00:00]} 5. Be2 {[%emt 0:00:03]} Qc7 {[%emt 0:00:02]} 6. O-O {[%emt 0:00:07]} Nf6 {[%emt 0:00:03]} 7. Nc3 {[%emt 0:00:02]} d6 {[%emt 0:00:07]} 8. f4 {[%emt 0:00:22]} Nbd7 {[%emt 0:00:09]} 9. Kh1 {[%emt 0:00:06]} h5 {[%emt 0:00:01]} 10. Bf3 {[%emt 0:00:49]} Rb8 {[%emt 0:00:50]} 11. a4 {[%emt 0:00:40]} b6 {[%emt 0:00:02]} 12. e5 {[%emt 0:01:09]} dxe5 {[%emt 0:01:11]} 13. fxe5 {[%emt 0:00:40]} Ng4 {[%emt 0:00:02]} 14. Bf4 {[%emt 0:02:06]} Bb7 {[%emt 0:00:28]} 15. Bxg4 {[%emt 0:00:25]} hxg4 {[%emt 0:00:10]} 16. Qxg4 {[%emt 0:00:03]} Qc4 {[%emt 0:01:03]} 17. Rad1 {[%emt 0:00:50]} Nc5 {[%emt 0:01:02]} 18. Nde2 {[%emt 0:01:54]} Nd7 {[%emt 0:01:33]} 19. Rd4 {[%emt 0:00:14]} Qc6 {[%emt 0:00:12]} 20. Rfd1 {[%emt 0:00:27]} Nc5 {[%emt 0:03:51]} 21. Bg5 {[%emt 0:00:32]} Qc7 {[%emt 0:03:30]} 22. b4 {[%emt 0:00:45]} f6 {[%emt 0:00:37]} 23. bxc5 {[%emt 0:01:30]} fxg5 {[%emt 0:01:04]} 24. Qxe6+ {[%emt 0:00:04]} Qe7 {[%emt 0:00:05]} 25. Qg6+ {[%emt 0:00:17]} 1-0